Guía del censista: XVII Censo de población y VI de vivienda, 24 de abril
Сохранить в:
| Формат: | |
|---|---|
| Язык: | испанский |
| Опубликовано: |
Santiago
INE
2002
|
| Серии: | Censo 2002, todos contamos
|
| Предметы: | |
| Метки: |
Добавить метку
Нет меток, Требуется 1-ая метка записи!
|
MARC
| LEADER | 00000nam a2200000 a 4500 | ||
|---|---|---|---|
| 001 | UCH6544 | ||
| 003 | CL-VaPUC | ||
| 008 | 091109e20020000CL |||||||||||||||||spa|d | ||
| 082 | 0 | 4 | |a 304.6 |b GUI |2 21 |
| 245 | 1 | 0 | |a Guía del censista: XVII Censo de población y VI de vivienda, 24 de abril |
| 300 | |a 64 p | ||
| 942 | |c BK | ||
| 945 | |d 20091109 00:00:00 |a ccalabra | ||
| 260 | |a Santiago |b INE |c 2002 | ||
| 650 | 0 | |a Estadística |9 259535 | |
| 650 | 0 | |a Censo |9 336842 | |
| 650 | 0 | |a Población |9 257577 | |
| 650 | 0 | |a Demografía |9 260008 | |
| 650 | 0 | |a Vivienda |9 258662 | |
| 650 | 7 | |a INVESTIGACION DEMOGRAFICA |2 CL-VaPUC |9 336843 | |
| 651 | 7 | |a CHILE |2 CL-VaPUC |9 543105 | |
| 583 | |a last modification |c 20091109 00:00:00 |k Rodrigo Vera | ||
| 490 | 0 | |a Censo 2002, todos contamos | |
| 999 | |c 337417 |d 337415 | ||